Statistics for Maryland Counties Quiz (with no map)

Click here to take the quiz!

General Stats

  • This quiz has been taken 20 times
  • The average score is 15 of 24

Answer Stats

HintAnswer% Correct
BBaltimore
88%
AAnne Arundel
81%
MMontgomery
75%
PPrince George's
75%
CCarroll
69%
CCecil
69%
GGarrett
69%
HHarford
69%
HHoward
69%
QQueen Anne's
69%
WWashington
69%
CCalvert
63%
CCharles
63%
KKent
63%
SSt Mary's
63%
WWorcester
63%
AAllegany
56%
DDorchester
56%
WWicomico
56%
FFredrick
50%
SSomerset
50%
CCaroline
44%
TTalbot
44%
BBaltimore City
38%

Score Distribution

Percentile by Number Answered

Percent of People with Each Score

Your Score History

You have not taken this quiz